| 000 | 00385 a2200133 4500 | ||
|---|---|---|---|
| 005 | 20250530125018.0 | ||
| 020 | _a2012 | ||
| 100 | _aMLOWE, L.K | ||
| 245 | _aResearch Methodology and Consultancy Techniques | ||
| 260 |
_aDar es salaam _bNational Board of Accountants and Auditors _c2012 |
||
| 300 |
_axv, 268p. _bill;graphics &tables _c24cm. |
||
| 700 | _aDIYAMETT;M. L | ||
| 942 |
_2ddc _cBKS |
||
| 999 |
_c2889 _d2889 |
||